| 000 | 00888nam a22002297a 4500 | ||
|---|---|---|---|
| 005 | 20241021083207.0 | ||
| 008 | 241021b ||||| |||| 00| 0 eng d | ||
| 020 | _a9781802204773 | ||
| 020 | _a9781802204780 | ||
| 040 |
_aCO-BoUCM _cDavid Moreno _dDavid Moreno |
||
| 041 | _aeng | ||
| 245 | 0 | 4 |
_aThe Elgar Companion to the World Bank _cAntje Vetterlein, Tobias Schmidtke |
| 260 |
_aNorthampton _bEdward Elgar Publishing _c2024 |
||
| 300 | _axxvii, 438 Paginas | ||
| 490 | _aElgar Companions to International Organisations | ||
| 610 |
_aBanco Mundial _xFinanzas internacionales _9183574 |
||
| 650 | 1 | 4 |
_aPolítica monetaria _xCrecimiento económico _xRelaciones internacionales _9183575 |
| 700 | 1 |
_aVetterlein, Antje _eeditor _9183576 |
|
| 700 | 1 |
_aSchmidtke, Tobias _eeditor _9183577 |
|
| 942 |
_2DEWEY _a7 _cLIBRO _e1 _h332.153 _mV591e _n0 |
||
| 999 |
_c324951 _d324951 |
||